000 01800nam0a2200373 4500
001 RU\NLR\bibl\288315
005 20260405110314.0
010 _a5-85094-168-1
_9100
021 _aRU
_b2002-12665
_9631
035 _a(NLR Aleph) 000283731
090 _a1660696
_c1660696
100 _a20020711d2001 |||y0rusy50 ca
101 0 _arus
102 _aRU
105 _aa |||||||||
200 1 _aАктивизация самостоятельной работы студентов при изучении раздела курса детали машин "Соединения"
_eУчеб.-метод. пособие
_fВ. Ф. Иваненко, В. В. Иванов, Л. А. Давыдова
_gМ-во образования Рос. Федерации, Комсом.-на-Амуре гос. пед. ун-т
210 _aКомсомольск-на-Амуре
_cИзд-во Комсом.-на-Амуре гос. пед. ун-та
_d2001
215 _a64 с.
_cил.
_d20
320 _aБиблиогр.: с. 37
606 0 _aУчителя технологии
_jМетодические пособия
_xПодготовка
_92122826
_3RU\NLR\auth\661281664
610 0 _aСоединения (техн.) - Расчет
675 _a621.791.052(075.8)
_v3
_zrus
686 _a55
_2rugasnti
686 _a34.441я73
_2rubbk
686 _aЧ489.518.26технол.
700 1 _aИваненко
_bВ. Ф.
_gВиктор Федорович
_4070
701 1 _4070
_7ca
_8rus
_aИванов
_bВ. В.
_cканд. техн. наук
_gВиктор Валентинович
_924425
_3RU\NLR\auth\7741477
701 1 _aДавыдова
_bЛ. А.
_4070
801 0 _aRU
_bRKP
_c20020711
_gPSBO
801 1 _aRU
_bRKP
_c20020711
801 2 _aRU
_bNLR
_c20060830
_grcr
942 _cBOOK
980 _aNB